000
00322 a2200145 4500
001
177726
020
_a
040
_c
Magnum
100
_a
Ferreira, Ana Elisa e Outros
240
1
0
_a
Higiene vocal infantil
_l
por
245
1
0
_a
Higiene vocal infantil
362
0
_a
1899
697
_a
MAGNITO: IJ/DIDATICO
942
_c
BK
999
_c
177726
_d
177726